| 000 | 00369nam a2200157Ia 4500 | ||
|---|---|---|---|
| 008 | 170203s9999 xx 000 0 und d | ||
| 050 | _a0 50 | ||
| 050 | _bY39 | ||
| 245 | _aYearbook 1999- 2000 / | ||
| 250 | _aMillennium edition. | ||
| 260 | _aMetro Manila : | ||
| 260 | _bEurocampus. | ||
| 300 | _billustrations : | ||
| 300 | _c29 cm. | ||
| 650 | _aPhilippines. | ||
| 999 |
_c305719 _d305719 |
||